000 00352nam a22001577a 4500
999 _c11335
_d11335
003 OSt
008 220613b ||||| |||| 00| 0 eng d
020 _a9788178002422
100 _aVENKATESWARLU, N B
245 _aAdvanced Unix Programming
250 _a2nd
260 _aHyderabad
_bBSP
_c2014
300 _a470
650 _aCSE
942 _2ddc
_cBK